[Event "Qatar Masters op"]
[Site "Doha"]
[Date "2023.10.17"]
[Round "6"]
[White "Bharath, Subramaniyam H"]
[Black "Song, Yuxin"]
[Result "1/2-1/2"]
[WhiteElo "2500"]
[BlackElo "2404"]
[PlyCount "63"]
[EventDate "2023.10.11"]
[EventType "swiss"]
[EventRounds "9"]
[EventCountry "QAT"]
[SourceTitle "Mega2024 Update 01"]
[Source "Chessbase"]
[SourceDate "2023.11.12"]
[SourceVersion "1"]
[SourceVersionDate "2023.11.12"]
[SourceQuality "1"]

1. e4 c5 2. Nf3 d6 3. d4 cxd4 4. Nxd4 Nf6 5. Nc3 a6 6. Qd3 Nbd7 7. Be2 b5 8. Nd5 Bb7 9. a4 b4 10. Qc4 Nxd5 11. exd5 Qb6 12. Be3 Qc5 13. Qxc5 dxc5 14. Nc6 e6 15. 0-0-0 Nf6 16. Bf3 Nxd5 17. Bxd5 exd5 18. Na5 0-0-0 19. c3 bxc3 20. bxc3 Ba8 21. Nb3 Bc6 22. Nxc5 Bxc5 23. Bxc5 Bxa4 24. Rd4 Bb5 25. Re1 Rhe8 26. Rxe8 Rxe8 27. Rxd5 Bc6 28. Rg5 g6 29. Be3 Kb7 30. h4 Re4 31. h5 Rh4 32. hxg6 1/2-1/2

[Event "Qatar Masters op"]
[Site "Doha"]
[Date "2023.10.15"]
[Round "5"]
[White "Song, Yuxin"]
[Black "Tomaszewski, Kacper"]
[Result "1-0"]
[WhiteElo "2404"]
[BlackElo "2307"]
[PlyCount "150"]
[EventDate "2023.10.11"]
[EventType "swiss"]
[EventRounds "9"]
[EventCountry "QAT"]
[SourceTitle "Mega2024 Update 01"]
[Source "Chessbase"]
[SourceDate "2023.11.12"]
[SourceVersion "1"]
[SourceVersionDate "2023.11.12"]
[SourceQuality "1"]

1. e4 g6 2. d4 Bg7 3. Nf3 d6 4. Bc4 e6 5. Qe2 Ne7 6. 0-0 Nd7 7. Nc3 0-0 8. Rd1 a6 9. a4 b6 10. h3 h6 11. Bf4 Bb7 12. Ba2 Kh7 13. Bh2 Qe8 14. Rd2 Nc6 15. Re1 Rc8 16. Nd1 e5 17. c3 Nf6 18. Bb1 Qe7 19. Ne3 Rfe8 20. d5 Nb8 21. a5 b5 22. c4 c6 23. dxc6 Bxc6 24. cxb5 Bxb5 25. Qd1 Red8 26. b4 Nc6 27. Qb3 Qe6 28. Qa3 Nd4 29. Nxd4 exd4 30. Nc2 Rc3 31. Qb2 Rb3 32. Qa2 Nxe4 33. Nxd4 Bxd4 34. Rxd4 Nc3 35. Rxe6 Nxa2 36. Bxa2 Rb2 37. Re7 Rxa2 38. Be5 Kg8 39. Bf6 Rc2 40. Rb7 Ra8 41. Rxd6 Rc6 42. Ra7 Rcc8 43. Rb7 Rc6 44. Rxc6 Bxc6 45. Rb6 Bb5 46. h4 Rc8 47. Kh2 Kh7 48. Rb7 Kg8 49. Kg3 Re8 50. f3 Bc4 51. Kf4 Bf1 52. Rb6 Kh7 53. Rb7 Kg8 54. g4 Be2 55. g5 h5 56. Ra7 Bb5 57. Be7 Kg7 58. Ke5 Rc8 59. Kd6 Rc6+ 60. Kd5 Rc8 61. f4 Bc4+ 62. Kd4 Bb5 63. Bd6 Rd8 64. Kd5 Rd7 65. Ra8 f6 66. Kc5 fxg5 67. fxg5 Kf7 68. Rf8+ Kg7 69. Rb8 Kf7 70. Kd5 Ba4 71. Rf8+ Kg7 72. Ra8 Bb5 73. Ke6 Kh7 74. Be5 Rd8 75. Rxd8 Be8 1-0

[Event "Qatar Masters op"]
[Site "Doha"]
[Date "2023.10.13"]
[Round "3"]
[White "Song, Yuxin"]
[Black "Aaryan, Varshney"]
[Result "1/2-1/2"]
[WhiteElo "2404"]
[BlackElo "2339"]
[PlyCount "60"]
[EventDate "2023.10.11"]
[EventType "swiss"]
[EventRounds "9"]
[EventCountry "QAT"]
[SourceTitle "Mega2024 Update 01"]
[Source "Chessbase"]
[SourceDate "2023.11.12"]
[SourceVersion "1"]
[SourceVersionDate "2023.11.12"]
[SourceQuality "1"]

1. e4 e5 2. Nf3 Nc6 3. Bb5 Nf6 4. d3 Bc5 5. c3 d6 6. 0-0 0-0 7. h3 h6 8. a4 a6 9. Bc4 Ba7 10. Nbd2 Be6 11. a5 Re8 12. Re1 d5 13. exd5 Bxd5 14. Qb3 Rb8 15. Ne4 Bxc4 16. Qxc4 Nxe4 17. dxe4 Qd7 18. Be3 Bxe3 19. Rxe3 Qe6 20. Qxe6 Rxe6 21. Rd3 Kf8 22. Nd2 Rd6 23. Rxd6 cxd6 24. Nc4 Ke7 25. Ne3 g6 26. Ra4 Ke6 27. g4 Ne7 28. Rb4 Nc6 29. Ra4 Ne7 30. Rb4 Nc6 1/2-1/2

[Event "Qatar Masters op"]
[Site "Doha"]
[Date "2023.10.11"]
[Round "1"]
[White "Song, Yuxin"]
[Black "Puranik, Abhimanyu Sameer"]
[Result "0-1"]
[WhiteElo "2404"]
[BlackElo "2618"]
[PlyCount "106"]
[EventDate "2023.10.11"]
[EventType "swiss"]
[EventRounds "9"]
[EventCountry "QAT"]
[SourceTitle "Mega2024 Update 01"]
[Source "Chessbase"]
[SourceDate "2023.11.12"]
[SourceVersion "1"]
[SourceVersionDate "2023.11.12"]
[SourceQuality "1"]

1. e4 c5 2. Nf3 Nc6 3. Bb5 g6 4. Bxc6 dxc6 5. d3 Bg7 6. h3 Qc7 7. Nc3 e5 8. Be3 b6 9. 0-0 Ne7 10. Nh2 Be6 11. Qd2 c4 12. Bh6 Bxh6 13. Qxh6 cxd3 14. cxd3 0-0-0 15. Rfd1 c5 16. Nf3 f6 17. b4 cxb4 18. Nb5 Qd7 19. Rdc1+ Kb8 20. Rc7 Qxb5 21. Rxe7 Rde8 22. Qg7 Rxe7 23. Qxe7 Re8 24. Qxf6 Qxd3 25. Qxe5+ Kb7 26. Nd4 Qc3 27. Rd1 Qc5 28. Qg7+ Re7 29. Qf6 Bxa2 30. Nc6 Rc7 31. Nd8+ Ka6 32. Ra1 Qc4 33. e5 b3 34. e6 Qe4 35. Qb2 Rc2 36. Qa3+ Kb5 37. e7 Re2 38. Rd1 Qxe7 39. Rd5+ Kc4 40. Rd4+ Kc3 41. Rd6 Re1+ 42. Kh2 Qe5+ 43. g3 Qe4 44. Rc6+ Kd3 45. g4 Rh1+ 46. Kg3 Qe5+ 47. Kg2 Qh2+ 48. Kf3 Qxh3+ 49. Kf4 Qh6+ 50. Ke5 Qg7+ 51. Kd5 Qd4+ 52. Ke6 Re1+ 53. Kf7 Qd7+ 0-1

[Event "EU-Cup (Women) 27th"]
[Site "Durres"]
[Date "2023.10.05"]
[Round "5.1"]
[White "Song, Yuxin"]
[Black "Ushenina, Anna"]
[Result "1/2-1/2"]
[WhiteElo "2404"]
[BlackElo "2434"]
[PlyCount "79"]
[EventDate "2023.10.01"]
[EventType "team-swiss"]
[EventRounds "7"]
[EventCountry "ALB"]
[SourceTitle "EXT 2024"]
[Source "ChessBase"]
[SourceDate "2023.10.10"]
[SourceVersion "1"]
[SourceVersionDate "2023.10.10"]
[SourceQuality "1"]
[WhiteTeam "Ljubljana Tajfun (W)"]
[BlackTeam "Gaz Ukraine (W)"]
[WhiteTeamCountry "SLO"]
[BlackTeamCountry "UKR"]

1. e4 c5 2. Nf3 Nc6 3. Bb5 g6 4. Bxc6 bxc6 5. 0-0 Bg7 6. Re1 Qc7 7. h3 d6 8. c3 Nf6 9. d4 cxd4 10. cxd4 0-0 11. Nc3 c5 12. e5 dxe5 13. dxe5 Rd8 14. Qa4 Nh5 15. Qc4 Bb7 16. Ne4 Bxe5 17. Qxc5 Bxe4 18. Qxc7 Bxc7 19. Rxe4 Rd1+ 20. Re1 Rxe1+ 21. Nxe1 Rb8 22. b3 Nf6 23. Be3 Bb6 24. Bxb6 Rxb6 25. Rc1 Ra6 26. Rc2 Nd5 27. Nd3 f6 28. f4 Kf7 29. Kf2 h5 30. g3 Rd6 31. Kf3 Re6 32. Re2 Rc6 33. Rd2 e6 34. g4 hxg4+ 35. hxg4 a5 36. Ke4 Nc3+ 37. Ke3 Nd5+ 38. Ke4 Nc3+ 39. Ke3 Nd5+ 40. Ke4 1/2-1/2

[Event "EU-Cup (Women) 27th"]
[Site "Durres"]
[Date "2023.10.04"]
[Round "4.1"]
[White "Khotenashvili, Bela"]
[Black "Song, Yuxin"]
[Result "1-0"]
[WhiteElo "2483"]
[BlackElo "2404"]
[PlyCount "137"]
[EventDate "2023.10.01"]
[EventType "team-swiss"]
[EventRounds "7"]
[EventCountry "ALB"]
[SourceTitle "EXT 2024"]
[Source "ChessBase"]
[SourceDate "2023.10.10"]
[SourceVersion "1"]
[SourceVersionDate "2023.10.10"]
[SourceQuality "1"]
[WhiteTeam "Ajka Garuda (W)"]
[BlackTeam "Ljubljana Tajfun (W)"]
[WhiteTeamCountry "HUN"]
[BlackTeamCountry "SLO"]

1. d4 Nf6 2. Nf3 d5 3. c4 e6 4. g3 dxc4 5. Bg2 c5 6. 0-0 Nc6 7. dxc5 Qxd1 8. Rxd1 Bxc5 9. Nbd2 c3 10. bxc3 0-0 11. Nb3 Be7 12. c4 Bd7 13. Bb2 Rfd8 14. Nfd4 Rac8 15. Nb5 b6 16. Nd6 Rc7 17. Rd2 Be8 18. Rad1 Bxd6 19. Rxd6 Rxd6 20. Rxd6 Rd7 21. Rxd7 Bxd7 22. Ba3 Ne5 23. Nd2 Bc6 24. f3 Ned7 25. Kf2 Nc5 26. Nb3 Nfd7 27. Ke3 Bb7 28. h4 f6 29. Bh3 Kf7 30. Kd4 e5+ 31. Kc3 Bc6 32. Bc1 Ne6 33. Be3 g6 34. Na1 f5 35. Nc2 Nf6 36. Nb4 Bb7 37. Nd3 Nd7 38. Kb4 Bc6 39. Kc3 Bb7 40. Bf2 Ke7 41. g4 fxg4 42. Bxg4 e4 43. fxe4 Nf6 44. Bf3 Nxe4+ 45. Bxe4 Bxe4 46. a4 Kd6 47. a5 Nc5 48. Bg3+ Kd7 49. Bb8 Nxd3 50. exd3 Bb7 51. Bxa7 bxa5 52. d4 Kd6 53. Bb8+ Ke6 54. Bc7 a4 55. Kb4 Bc6 56. Bf4 Be8 57. Bc1 Bc6 58. Kc5 Be4 59. d5+ Kd7 60. Kd4 Bc2 61. c5 Bb3 62. c6+ Kc8 63. d6 Be6 64. Ke5 Bf5 65. Kf6 Kd8 66. Kf7 h6 67. Bxh6 a3 68. Bg5+ Kc8 69. Ke7 1-0

[Event "EU-Cup (Women) 27th"]
[Site "Durres"]
[Date "2023.10.03"]
[Round "3.1"]
[White "Batsiashvili, Nino"]
[Black "Song, Yuxin"]
[Result "1/2-1/2"]
[WhiteElo "2475"]
[BlackElo "2404"]
[PlyCount "99"]
[EventDate "2023.10.01"]
[EventType "team-swiss"]
[EventRounds "7"]
[EventCountry "ALB"]
[SourceTitle "EXT 2024"]
[Source "ChessBase"]
[SourceDate "2023.10.10"]
[SourceVersion "1"]
[SourceVersionDate "2023.10.10"]
[SourceQuality "1"]
[WhiteTeam "Superchess"]
[BlackTeam "Ljubljana Tajfun (W)"]
[WhiteTeamCountry "ROU"]
[BlackTeamCountry "SLO"]

1. d4 Nf6 2. c4 e6 3. Nc3 Bb4 4. Nf3 0-0 5. Bg5 c5 6. e3 cxd4 7. exd4 d5 8. Rc1 Be7 9. Be2 dxc4 10. 0-0 b6 11. Ne5 Bb7 12. Bxc4 Nbd7 13. Re1 h6 14. Bxf6 Bxf6 15. Nxf7 Rxf7 16. Bxe6 Nf8 17. Bxf7+ Kxf7 18. Qb3+ Kg6 19. Ne4 Bxe4 20. Rxe4 Rc8 21. Rxc8 Qxc8 22. h4 h5 23. Qd3 Kf7 24. Qb3+ Kg6 25. g3 Qf5 26. Rf4 Qd7 27. d5 Qd6 28. Qf3 Qe5 29. Re4 Qf5 30. Qd3 Kh7 31. d6 Nd7 32. Qe2 Be5 33. Re3 Kg6 34. Rf3 Qe6 35. Qe4+ Kh6 36. Re3 Qf7 37. Rd3 g6 38. b3 Kg7 39. Qb7 a5 40. Kg2 Qf5 41. Rf3 Qe6 42. Re3 Qf7 43. Qc6 Kh6 44. f4 Nb8 45. Qc8 Qd5+ 46. Rf3 Qd2+ 47. Rf2 Qd5+ 48. Kh2 Qd4 49. fxe5 Qxf2+ 50. Kh1 1/2-1/2

[Event "EU-Cup (Women) 27th"]
[Site "Durres"]
[Date "2023.10.01"]
[Round "1.1"]
[White "Agrest, Inna"]
[Black "Song, Yuxin"]
[Result "1/2-1/2"]
[WhiteElo "2266"]
[BlackElo "2404"]
[PlyCount "81"]
[EventDate "2023.10.01"]
[EventType "team-swiss"]
[EventRounds "7"]
[EventCountry "ALB"]
[SourceTitle "EXT 2024"]
[Source "ChessBase"]
[SourceDate "2023.10.10"]
[SourceVersion "1"]
[SourceVersionDate "2023.10.10"]
[SourceQuality "1"]
[WhiteTeam "Pelaro Alingsas (W)"]
[BlackTeam "Ljubljana Tajfun (W)"]
[WhiteTeamCountry "SWE"]
[BlackTeamCountry "SLO"]

1. e4 c5 2. Nf3 Nc6 3. d4 cxd4 4. Nxd4 Qb6 5. Nb3 g6 6. c4 Bg7 7. Be2 Qc7 8. 0-0 d6 9. Na3 a6 10. Nc2 Nf6 11. f3 0-0 12. Ne3 Bd7 13. Bd2 Qb6 14. Kh1 Rfc8 15. Rc1 a5 16. c5 dxc5 17. Nxc5 Be8 18. Na4 Qd4 19. Rc4 Qd8 20. Nc3 Bd7 21. Nb5 Be6 22. Ra4 Nd7 23. Bc4 Nb6 24. Bxe6 Nxa4 25. Bxc8 Nxb2 26. Qc2 Rxc8 27. Bc3 Bxc3 28. Nxc3 Nd3 29. Ncd5 Nde5 30. f4 Nd7 31. f5 e6 32. fxe6 fxe6 33. Nf4 Nd4 34. Qf2 Nc5 35. Ned5 exd5 36. Qxd4 dxe4 37. Qc4+ Kh8 38. Qc3+ Kg8 39. Qc4+ Kh8 40. Qc3+ Kg8 41. Qc4+ 1/2-1/2

[Event "WchT (Women) Pool-B"]
[Site "Bydgoszcz"]
[Date "2023.09.07"]
[Round "3.2"]
[White "Song, Yuxin"]
[Black "Stefanova, Antoaneta"]
[Result "0-1"]
[WhiteElo "2404"]
[BlackElo "2410"]
[PlyCount "140"]
[EventDate "2023.09.06"]
[EventType "team (rapid)"]
[EventRounds "5"]
[EventCountry "POL"]
[SourceTitle "EXT 2024"]
[Source "ChessBase"]
[SourceDate "2023.10.10"]
[SourceVersion "1"]
[SourceVersionDate "2023.10.10"]
[SourceQuality "1"]
[WhiteTeam "China (W)"]
[BlackTeam "Bulgaria (W)"]
[WhiteTeamCountry "CHN"]
[BlackTeamCountry "BUL"]

1. e4 e5 2. Nf3 Nc6 3. Bb5 a6 4. Ba4 d6 5. 0-0 Nge7 6. c3 Ng6 7. d4 Bd7 8. d5 Nb8 9. Bxd7+ Qxd7 10. c4 Be7 11. Nc3 0-0 12. Ne2 b5 13. Ng3 bxc4 14. Qc2 Qb5 15. Nd2 c6 16. a4 Qb7 17. Nxc4 cxd5 18. exd5 Rc8 19. Qd3 Nd7 20. Ne4 Nc5 21. Nxc5 Rxc5 22. Rd1 f5 23. Be3 e4 24. Qe2 Rc7 25. Na5 Qc8 26. Nc6 Bf6 27. Rac1 Qe8 28. Qd2 Rf7 29. Bd4 f4 30. Bxf6 Rxf6 31. Rc3 f3 32. g3 Qd7 33. Kh1 Qh3 34. Rg1 Re8 35. Qc1 Nf8 36. Qf1 Qh5 37. h4 Qg4 38. Kh2 Qf5 39. Nb4 a5 40. Na6 e3 41. fxe3 Qxd5 42. Qf2 Qb7 43. Nc7 Re4 44. Rd1 Rxa4 45. Nd5 Rf7 46. Nf4 Rb4 47. Rc2 Rb6 48. Nd5 Rb5 49. e4 Ne6 50. Rd3 h6 51. Rcd2 Nc5 52. Rxf3 Nxe4 53. Rxf7 Qxf7 54. Qxf7+ Kxf7 55. Nc3 Nxd2 56. Nxb5 Ke6 57. Kg2 Nc4 58. b3 Nd2 59. Nd4+ Kd5 60. Nc2 Nxb3 61. Kf2 Ke4 62. h5 d5 63. Na3 a4 64. Ke2 d4 65. Nb5 Na5 66. Nd6+ Kd5 67. Nb5 Kc5 68. Na3 Kb4 69. Nc2+ Kc3 70. Kd1 Nc4 0-1

[Event "WchT (Women) Pool-B"]
[Site "Bydgoszcz"]
[Date "2023.09.06"]
[Round "1.3"]
[White "Song, Yuxin"]
[Black "Kiolbasa, Oliwia"]
[Result "1/2-1/2"]
[WhiteElo "2404"]
[BlackElo "2387"]
[PlyCount "48"]
[EventDate "2023.09.06"]
[EventType "team (rapid)"]
[EventRounds "5"]
[EventCountry "POL"]
[SourceTitle "EXT 2024"]
[Source "ChessBase"]
[SourceDate "2023.10.10"]
[SourceVersion "1"]
[SourceVersionDate "2023.10.10"]
[SourceQuality "1"]
[WhiteTeam "China (W)"]
[BlackTeam "Poland (W)"]
[WhiteTeamCountry "CHN"]
[BlackTeamCountry "POL"]

1. e4 e5 2. Nf3 Nc6 3. Bb5 a6 4. Ba4 Nf6 5. 0-0 Bc5 6. c3 b5 7. Bb3 d6 8. d4 Bb6 9. a4 Bg4 10. axb5 axb5 11. Rxa8 Qxa8 12. h3 Bh5 13. d5 Ne7 14. Qd3 c6 15. Bg5 Bc5 16. dxc6 Qxc6 17. Nbd2 0-0 18. Bxf6 gxf6 19. Nh4 Bg6 20. Qf3 Kg7 21. Qg3 Kh8 22. Qf3 Kg7 23. Qg3 Kh8 24. Qf3 Kg7 1/2-1/2

[Event "Piestany op-A"]
[Site "Piestany"]
[Date "2023.07.17"]
[Round "7"]
[White "Song, Yuxin"]
[Black "Tancsa, Tamas"]
[Result "1-0"]
[WhiteElo "2326"]
[BlackElo "2240"]
[PlyCount "95"]
[EventDate "2023.07.11"]
[EventType "swiss"]
[EventRounds "9"]
[EventCountry "SVK"]
[SourceTitle "EXT 2024"]
[Source "ChessBase"]
[SourceDate "2023.10.10"]
[SourceVersion "1"]
[SourceVersionDate "2023.10.10"]
[SourceQuality "1"]

1. e4 c5 2. Nf3 d6 3. d4 cxd4 4. Nxd4 Nf6 5. Nc3 a6 6. Qd3 e5 7. Nf5 Bxf5 8. exf5 d5 9. Bg5 d4 10. Ne4 Qa5+ 11. Bd2 Qd5 12. Nxf6+ gxf6 13. Be2 Nc6 14. Bf3 Qb5 15. Qxb5 axb5 16. Ke2 Bc5 17. Be4 Ke7 18. a3 Rhg8 19. Rag1 b4 20. Bxc6 bxc6 21. axb4 Bd6 22. g3 Ra2 23. Ra1 Rga8 24. Rxa2 Rxa2 25. Rb1 c5 26. bxc5 Bxc5 27. Kd3 Kd6 28. f3 Ra4 29. b3 Ra2 30. Re1 Kd5 31. g4 Ra8 32. Rg1 Be7 33. Rg3 Rg8 34. Rh3 Rg7 35. Rh6 Bd8 36. Bb4 Kc6 37. Kc4 e4 38. fxe4 Rxg4 39. Kxd4 Rg2 40. Kd3 Kb5 41. Bc3 Bc7 42. Rxh7 Bxh2 43. Bxf6 Rg3+ 44. Kd2 Rg2+ 45. Kc1 Bf4+ 46. Kb2 Re2 47. Rxf7 Rxe4 48. Re7 1-0

[Event "Piestany op-A"]
[Site "Piestany"]
[Date "2023.07.15"]
[Round "5"]
[White "Song, Yuxin"]
[Black "Petrek, Dominik"]
[Result "1-0"]
[WhiteElo "2326"]
[BlackElo "2194"]
[PlyCount "59"]
[EventDate "2023.07.11"]
[EventType "swiss"]
[EventRounds "9"]
[EventCountry "SVK"]
[SourceTitle "EXT 2024"]
[Source "ChessBase"]
[SourceDate "2023.10.10"]
[SourceVersion "1"]
[SourceVersionDate "2023.10.10"]
[SourceQuality "1"]

1. e4 e6 2. d4 d5 3. Nd2 e5 4. dxe5 dxe4 5. Qe2 Nc6 6. Qxe4 Nge7 7. Bb5 Qd5 8. Qxd5 Nxd5 9. c3 Bd7 10. Bxc6 Bxc6 11. Ne2 0-0-0 12. Nf3 h6 13. 0-0 g5 14. Re1 Bd7 15. Ng3 Re8 16. h3 Be7 17. Bd2 Reg8 18. Nd4 g4 19. hxg4 Bxg4 20. Ndf5 Bf8 21. f3 Bc5+ 22. Kf1 Bxf5 23. Nxf5 h5 24. Re4 Ne7 25. Nh4 Ng6 26. Bg5 Nxh4 27. Bxh4 Rh6 28. Rd1 Rhg6 29. Re2 a5 30. Red2 1-0

[Event "Ceske Budejovice GM-B"]
[Site "Ceske Budejovice"]
[Date "2023.07.05"]
[Round "5"]
[White "Song, Yuxin"]
[Black "Borrmann, Laurenz"]
[Result "1/2-1/2"]
[WhiteElo "2326"]
[BlackElo "2292"]
[PlyCount "30"]
[EventDate "2023.07.01"]
[EventType "tourn"]
[EventRounds "9"]
[EventCountry "CZE"]
[EventCategory "5"]
[SourceTitle "CBM 215 Extra"]
[Source "ChessBase"]
[SourceDate "2023.09.30"]
[SourceVersion "1"]
[SourceVersionDate "2023.09.30"]
[SourceQuality "1"]

1. e4 e5 2. Nf3 Nc6 3. Bb5 a6 4. Ba4 Nf6 5. 0-0 Be7 6. Re1 b5 7. Bb3 Bb7 8. d4 Nxd4 9. Bxf7+ Kf8 10. Nxe5 d6 11. Qxd4 dxe5 12. Qxd8+ Rxd8 13. Bd5 Nxd5 14. exd5 Rxd5 15. Nc3 Rd7 1/2-1/2

[Event "Ceske Budejovice GM-B"]
[Site "Ceske Budejovice"]
[Date "2023.07.04"]
[Round "4"]
[White "Mitrabha, Guha"]
[Black "Song, Yuxin"]
[Result "1/2-1/2"]
[WhiteElo "2515"]
[BlackElo "2326"]
[PlyCount "65"]
[EventDate "2023.07.01"]
[EventType "tourn"]
[EventRounds "9"]
[EventCountry "CZE"]
[EventCategory "5"]
[SourceTitle "CBM 215 Extra"]
[Source "ChessBase"]
[SourceDate "2023.09.30"]
[SourceVersion "1"]
[SourceVersionDate "2023.09.30"]
[SourceQuality "1"]

1. d4 Nf6 2. c4 e6 3. g3 Bb4+ 4. Bd2 Be7 5. Bg2 d5 6. Nf3 0-0 7. 0-0 Nbd7 8. Bc3 dxc4 9. Nbd2 c5 10. Nxc4 b5 11. Na5 Nd5 12. Be1 Qb6 13. dxc5 Nxc5 14. b4 Na6 15. a3 Rd8 16. Qb3 Bd7 17. Bd2 Rac8 18. Rac1 Be8 19. e4 Nf6 20. Be3 Bc5 21. bxc5 Qxa5 22. Ne5 h6 23. g4 Qc7 24. Qb2 Nd7 25. Nxd7 Qxd7 26. Rc2 Qe7 27. Rfc1 e5 28. c6 Rxc6 29. Rxc6 Bxc6 30. Rxc6 Rd1+ 31. Bf1 Qd7 32. Rc1 Qxg4+ 33. Kh1 1/2-1/2

[Event "Ceske Budejovice GM-B"]
[Site "Ceske Budejovice"]
[Date "2023.07.03"]
[Round "3"]
[White "Song, Yuxin"]
[Black "Bochnicka, Vladimir1111"]
[Result "1-0"]
[WhiteElo "2326"]
[BlackElo "2330"]
[PlyCount "63"]
[EventDate "2023.07.01"]
[EventType "tourn"]
[EventRounds "9"]
[EventCountry "CZE"]
[EventCategory "5"]
[SourceTitle "CBM 215 Extra"]
[Source "ChessBase"]
[SourceDate "2023.09.30"]
[SourceVersion "1"]
[SourceVersionDate "2023.09.30"]
[SourceQuality "1"]

1. e4 e5 2. Nf3 Nf6 3. Nxe5 d6 4. Nf3 Nxe4 5. Nc3 Nxc3 6. dxc3 Be7 7. Be3 0-0 8. Qd2 c5 9. 0-0-0 Nc6 10. Kb1 Be6 11. Ng5 Bf5 12. h4 Ne5 13. f3 h5 14. Bf4 Qc8 15. Bxe5 dxe5 16. Bd3 Rd8 17. Qe2 Bxd3 18. Rxd3 Qf5 19. Re3 Bf6 20. Ne4 Rd5 21. g4 Qh7 22. Rd3 Rxd3 23. Qxd3 hxg4 24. Qd7 g3 25. Qh3 Rd8 26. Qxg3 Qh6 27. a3 b6 28. Qg4 Be7 29. h5 Qh7 30. Ng3 Rd6 31. Nf5 Re6 32. Nxe7+ 1-0

[Event "Ceske Budejovice GM-B"]
[Site "Ceske Budejovice"]
[Date "2023.07.02"]
[Round "2"]
[White "Heimisson, Hilmir Freyr"]
[Black "Song, Yuxin"]
[Result "0-1"]
[WhiteElo "2404"]
[BlackElo "2326"]
[PlyCount "94"]
[EventDate "2023.07.01"]
[EventType "tourn"]
[EventRounds "9"]
[EventCountry "CZE"]
[EventCategory "5"]
[SourceTitle "CBM 215 Extra"]
[Source "ChessBase"]
[SourceDate "2023.09.30"]
[SourceVersion "1"]
[SourceVersionDate "2023.09.30"]
[SourceQuality "1"]

1. d4 Nf6 2. c4 e6 3. g3 Bb4+ 4. Nd2 c5 5. a3 Bxd2+ 6. Qxd2 Nc6 7. Nf3 Na5 8. Qc2 b5 9. cxb5 c4 10. Bd2 Bb7 11. Rd1 Nb3 12. Rg1 Rc8 13. Qc3 Bxf3 14. Qxf3 Nxd4 15. Qc3 Nxb5 16. Qa5 c3 17. Qxd8+ Kxd8 18. bxc3 Nxa3 19. Bg2 Ke7 20. e4 d6 21. Ke2 Nc4 22. Ra1 Rc7 23. Bf4 Rb8 24. Ra2 Nd7 25. Rd1 Rb3 26. Ke1 e5 27. Bg5+ f6 28. Bc1 Rxc3 29. Bf1 Nc5 30. f3 Nb3 31. Ba3 Nd4 32. Bxc4 R3xc4 33. Kf2 Rc2+ 34. Rd2 Rxd2+ 35. Rxd2 Rc3 36. Bb2 Rxf3+ 37. Kg2 Nb3 38. Rc2 Rd3 39. Rc7+ Kd8 40. Rxa7 Rd2+ 41. Kh3 Rxb2 42. Rxg7 Nc5 43. Rxh7 Nxe4 44. Kg4 Rf2 45. h4 d5 46. Ra7 d4 47. h5 f5+ 0-1

[Event "CHN-chT DivA"]
[Site "Fuling"]
[Date "2023.06.13"]
[Round "8.4"]
[White "Song, Yuxin"]
[Black "Chu, Ruotong"]
[Result "1/2-1/2"]
[WhiteElo "2353"]
[BlackElo "2166"]
[PlyCount "76"]
[EventDate "2023.06.05"]
[EventType "team-tourn"]
[EventRounds "11"]
[EventCountry "CHN"]
[SourceTitle "CBM 214 Extra"]
[Source "ChessBase"]
[SourceDate "2023.07.31"]
[SourceVersion "1"]
[SourceVersionDate "2023.07.31"]
[SourceQuality "1"]
[WhiteTeam "Shenzhen Pengcheng"]
[BlackTeam "Chengdu"]
[WhiteTeamCountry "CHN"]
[BlackTeamCountry "CHN"]

1. d4 Nf6 2. c4 g6 3. g3 c6 4. Bg2 d5 5. Nf3 Bg7 6. cxd5 cxd5 7. Ne5 Ne4 8. Nd2 Nxd2 9. Bxd2 Nd7 10. Bc3 e6 11. 0-0 0-0 12. Rc1 a5 13. a4 Qb6 14. e3 Qd6 15. Nf3 Nf6 16. Nd2 Bd7 17. f3 Rfc8 18. b3 Ne8 19. Qe2 b5 20. axb5 Qb6 21. Rfe1 Bxb5 22. Qf2 Rc7 23. Bb2 Rac8 24. Rxc7 Rxc7 25. Rc1 Rxc1+ 26. Bxc1 Qc7 27. Qe1 Qc3 28. Kf2 Bf8 29. Bf1 Nc7 30. Bxb5 Nxb5 31. Qd1 Qd3 32. Qe2 Qc2 33. Qxb5 Bb4 34. Qf1 Bxd2 35. Bxd2 Qxd2+ 36. Qe2 Qc3 37. Qb5 Qd2+ 38. Qe2 Qc3 1/2-1/2

[Event "CHN-chT DivA"]
[Site "Fuling"]
[Date "2023.06.12"]
[Round "7.4"]
[White "Zhang, Xiao"]
[Black "Song, Yuxin"]
[Result "0-1"]
[WhiteElo "2147"]
[BlackElo "2353"]
[PlyCount "110"]
[EventDate "2023.06.05"]
[EventType "team-tourn"]
[EventRounds "11"]
[EventCountry "CHN"]
[SourceTitle "CBM 214 Extra"]
[Source "ChessBase"]
[SourceDate "2023.07.31"]
[SourceVersion "1"]
[SourceVersionDate "2023.07.31"]
[SourceQuality "1"]
[WhiteTeam "Shandong"]
[BlackTeam "Shenzhen Pengcheng"]
[WhiteTeamCountry "CHN"]
[BlackTeamCountry "CHN"]

1. d4 Nf6 2. c4 e6 3. Nf3 d5 4. Nc3 c6 5. e3 Nbd7 6. Qc2 Bd6 7. Be2 0-0 8. 0-0 Re8 9. b3 b6 10. e4 dxe4 11. Nxe4 Nxe4 12. Qxe4 Bb7 13. Rd1 Qe7 14. Bb2 Rad8 15. Bd3 Nf6 16. Qh4 h6 17. Re1 Ba3 18. Bc1 Bxc1 19. Raxc1 c5 20. d5 Qc7 21. Qg3 Qxg3 22. hxg3 exd5 23. cxd5 Rxe1+ 24. Rxe1 Bxd5 25. Bb5 Be6 26. Ne5 Rd2 27. Re2 Rd1+ 28. Kh2 Nd5 29. Bc4 b5 30. Bxd5 Rxd5 31. Nc6 Rd7 32. Re5 Rc7 33. Rxc5 Kh7 34. b4 Bxa2 35. Nd4 Rxc5 36. bxc5 b4 37. c6 Bc4 38. c7 Ba6 39. g4 Kg8 40. Kg3 Kf8 41. Kf4 Ke8 42. Nb3 Bc8 43. Nc5 Ke7 44. Ke5 Bxg4 45. Kd5 Bc8 46. Kc6 g5 47. Kb5 Kd6 48. Kxb4 Kxc7 49. f3 Kd6 50. Ne4+ Ke5 51. Kc5 g4 52. Nd6 gxf3 53. gxf3 Be6 54. Ne4 Kf4 55. Nd2 h5 0-1

[Event "CHN-ch (Women)"]
[Site "Xinghua"]
[Date "2023.05.15"]
[Round "10"]
[White "Xiao, Yiyi"]
[Black "Song, Yuxin"]
[Result "1/2-1/2"]
[WhiteElo "2394"]
[BlackElo "2341"]
[PlyCount "77"]
[EventDate "2023.05.06"]
[EventType "tourn"]
[EventRounds "11"]
[EventCountry "CHN"]
[SourceTitle "CBM 215 Extra"]
[Source "ChessBase"]
[SourceDate "2023.09.30"]
[SourceVersion "1"]
[SourceVersionDate "2023.09.30"]
[SourceQuality "1"]

1. d4 Nf6 2. Bg5 d5 3. e3 Nbd7 4. Nd2 e5 5. dxe5 Nxe5 6. Ngf3 Nxf3+ 7. Qxf3 Be7 8. h3 h6 9. Bf4 Bd6 10. 0-0-0 Be6 11. Bd3 Qe7 12. e4 Bxf4 13. Qxf4 0-0-0 14. e5 Nd7 15. Rhe1 Qg5 16. Qe3 Qxe3 17. Rxe3 Nc5 18. Nb3 d4 19. Rg3 Bxb3 20. axb3 Nxd3+ 21. Rdxd3 Rhg8 22. Rg4 Rd5 23. f4 g6 24. b4 c6 25. Kd2 Kd7 26. f5 Rxe5 27. Rgxd4+ Kc8 28. fxg6 fxg6 29. Rd6 Rf8 30. Rxg6 Rf2+ 31. Kc3 Ree2 32. Rg8+ Kc7 33. Rg7+ Kb6 34. Rdd7 Rxc2+ 35. Kb3 Rxb2+ 36. Ka3 Kb5 37. Rxb7+ Kc4 38. Rg4+ Kc3 39. Rg3+ 1/2-1/2